Podmínky socializace zrakově vadné mládeže, její příprava pro integraci do praktického života

Bibliographic Details
Main Author: Hanák, Drahomír (Author)
Format: Article
Language:Slovak
Czech

MARC

LEADER 00000nab a2200000 a 4500
001 vtls010720604
003 SK-MaSNL
005 20260304193548.0
008 250709s xo |||||||||||||||||slo|
035 |a (urnnbn)urn:nbn:sk:snk:ar-a04r59 
035 |a (uuid)7bb39783-d6a2-4b1a-ac36-f5548c52cf65 
035 |a urn:nbn:sk:snk-ab3ln1 
040 |a SNKBUCL  |b slo  |c SNKBUCL  |e AACR2 
041 0 |a cze 
044 |a xo  |c SK 
100 1 |a Hanák, Drahomír  |4 aut  |9 1523535 
245 1 0 |a Podmínky socializace zrakově vadné mládeže, její příprava pro integraci do praktického života  |c Drahomír Hanák 
773 0 |t Otázky defektológie : časopis pre teóriu a prax na školách a v zariadeniach pre mládež vyžadujúcu osobitnú starostlivosť  |g Roč. 16, č. 7 (1973-1974), s. 260-267 
850 |a Slovenská národná knižnica 
852 |a Slovenská národná knižnica 
958 |a article1 
958 |a OND 
958 |a EUIPO 
999 |c 3067575  |d 3069505